000 008320000a22002050004500
082 0 4 _aG 297.4 A71s
100 1 _aArberry, A. J.
245 1 0 _aSufism : An account of the mystics of Islam / A. J. Arberry
260 _aLondon : George Allen & Unwin
300 _a141 páginas
500 _aIncluye índice (p. 139-141)
501 _aPasta dura
505 0 0 _aLa palabra de Dios - La vida del profeta - Los ascetas - Los místicos - Los teóricos del sufismo - La estructura de la teoría y la práctica del sufismo - Los órdenes sufíes - El teosofía de misticismo islámico - Los poetas del persa - La decadencia del sufismo
650 1 4 _aSufismo \ Islamismo - Misticismo
001 19567
942 _cBK
999 _c45929
_d45929
336 _atexto
_btxt
_2rdacontent
337 _2rdamedia
_asin mediación
_bn
338 _2rdacarrier
_avolumen
_bnc